banner koha

Flood and fire affect the soil seed bank of riparian forest in the Pantanal wetland (Registro n. 333979)

MARC details
000 -LÍDER
fixed length control field 03782nab a2200325 4500
003 - CÓDIGO MARC DA AGÊNCIA CATALOGADORA
Campo de controle BR-BrBNA
005 - DATA E HORA DA ÚLTIMA ATUALIZAÇÃO
Campo de controle 20250718181451.0
008 - CAMPO DE TAMANHO FIXO
fixed length control field 250718b2020 bl.ar|pooa||| 00| 0 eng |
040 ## - FONTE DA CATALOGAÇÃO
Agência catalogadora BR-BrBNA
Idioma da catalogação eng
072 ## - CATEGORIA AGRIS
Código AGRIS F70
072 ## - CATEGORIA AGRIS
Código AGRIS H50
072 ## - CATEGORIA AGRIS
Código AGRIS P34
100 ## - ENTRADA PRINCIPAL - NOME PESSOAL
Nome pessoal Kohagura, Thiago da Costa
100 ## - ENTRADA PRINCIPAL - NOME PESSOAL
Nome pessoal Souza, Evaldo Benedito de
100 ## - ENTRADA PRINCIPAL - NOME PESSOAL
Nome pessoal Bao, Francielli
100 ## - ENTRADA PRINCIPAL - NOME PESSOAL
Nome pessoal Ferreira, Fernando Alves
100 ## - ENTRADA PRINCIPAL - NOME PESSOAL
Nome pessoal Pott, Arnildo
245 ## - TÍTULO PRINCIPAL
Título principal Flood and fire affect the soil seed bank of riparian forest in the Pantanal wetland
500 ## - NOTA GERAL
Nota geral Publicação on-line; Bibliography p. 11-13 (53 ref.); 3 tables; 4 illus.; Summaries (En, Pt)
942 ## - ADDED ENTRY ELEMENTS (KOHA)
Koha item type Analítica
520 ## - NOTA DE RESUMO
Nota de conteúdo <br/><br/>Abstract<br/><br/>Flood and fire can harm plants but they can have survival strategies, such as the seed bank. We aimed to determine<br/>the influence of fire and flood on the richness, abundance and diversity of the seed bank. Sampling was carried<br/>out in October/2013, year of prolonged drought, and October/2014, year of a heavy flood, in ten areas along the<br/>Paraguay River. The areas were selected in satellite images, five with old burn (2010, three years before sampling)<br/>and five with recent burn (2013, three months before sampling). In each area, we marked a 20 m long transect with<br/>ten 20 × 20 cm quadrats where we collected 5 cm deep topsoil samples, five with and five without litter. Seed bank<br/>richness and abundance were determined by seedling emergence. Old burn areas presented greater abundance than<br/>recent burn. The drier year presented greater abundance, richness and diversity than flood year. Removal of litter<br/>reduced the richness only in the wetter year. There was no difference in richness in the drier year. The removal<br/>of the litter did not affect the abundance and diversity. Interaction between fire and flood did not affect richness,<br/>abundance and diversity of the seed bank.<br/><br/>Key words: Diaspores; Fabaceae; floodable forest; neotropical wetland; plant ecology.<br/><br/><br/><br/><br/>Resumo<br/><br/>Espécies vegetais sujeitas a Inundação e fogo podem manifestar estratégias de sobrevivência como o banco de<br/>sementes do solo. Pretendemos determinar a influência de fogo e inundação na riqueza, abundância e diversidade<br/>do banco de sementes. Realizamos amostragens em um ano mais seco (outubro/2013) e em um de maior inundação<br/>(outubro/2014), em dez áreas ao longo do rio Paraguai. Selecionamos 5 áreas com históricos de fogo antigo (2010,<br/>4 anos antes da amostragem) e 5 recente (2013, 1 ano antes da amostragem). Nas áreas, marcamos transectos de 20<br/>m, nos quais coletamos 10 amostras de solo (20 × 20 × 5 cm), cinco com e cinco sem serrapilheira. Composição<br/>e abundância do banco de sementes foram estimadas por meio de emergência de plântulas. Áreas de fogo antigo<br/>apresentaram maior abundância que áreas de fogo recente. O ano de seca apresentou maiores abundância e riqueza<br/>do que o de inundação. A remoção da serrapilheira reduziu a riqueza no ano de inundação. Não houve diferença em<br/>riqueza no ano seco. A abundância nas amostras com e sem serrapilheira foram similares. A interação entre fogo e<br/>inundação não afetou a abundancia, riqueza e diversidade do banco de sementes.<br/><br/>Palavras-chave: diásporos; Fabaceae; floresta inundável; àreas úmidas; ecologia vegetal.
650 ## - ASSUNTO - THESAGRO
Cabeçalho tópico ou nome geográfico FLORESTA
650 ## - ASSUNTO - THESAGRO
Cabeçalho tópico ou nome geográfico INUNDAÇÃO
650 ## - ASSUNTO - THESAGRO
Cabeçalho tópico ou nome geográfico AGROECOLOGIA
650 ## - ASSUNTO - THESAGRO
Cabeçalho tópico ou nome geográfico FOGO
650 ## - ASSUNTO - THESAGRO
Cabeçalho tópico ou nome geográfico BANCO DE GENES
773 0# - ENTRADA ANALÍTICA
Host Biblionumber 709
Registro do item 353216
Imprenta Rio de Janeiro-RJ Jardim Botanico do Rio de Janeiro 1935
Outro identificador 2025-4473
Título Rodriguésia (Brazil)
ISSN 0370-6583; 2175-7860 on-line
Colação v. 71 p. 1-13; (2020)
Número de controle de registro BR2025003283
856 ## - ACESSO E ENDEREÇO ELETRÔNICO
Identificador uniforme de recurso - URI https://www.scielo.br/j/rod/a/DzvQPXPtBg9BkCKmQZDykMC/?format=pdf&lang=en

Nenhum exemplar disponível.

BINAGRI

Telefone: (61)3218-2567/2388/3357/2097 - binagri@agro.gov.br

Ministério da Agricultura e Pecuária , Esplanada dos Ministérios, Bloco D, Anexo B, Brasília/DF, CEP: 70.043-900